Bramkarze Paris Saint-Germain F.C. w XXI wieku - Statystyki

Ogólne statystyki
  • Ten quiz został rozwiązany 206 razy
    28 od ostatniego zresetowania
  • Średni wynik to 8 z 19
Statystyki odpowiedzi
Lata gry Narodowość Nazwisko % Poprawnych
2021- Włochy Gianluigi Donnarumma
100%
2019-2024 Kostaryka Keylor Navas
96%
2019-2020 Polska Marcin Bułka
85%
2018-2019 Włochy Gianluigi Buffon
74%
2011-2016 Włochy Salvatore Sirigu
70%
2024- Rosja Matvey Safonov
67%
2010-2019 Francja Alphonse Areola
63%
2019-2023 Hiszpania Sergio Rico
63%
2015-2019 Niemcy Kevin Trapp
59%
2023- Hiszpania Arnau Tenas
37%
2006-2009 Francja Mickaël Landreau
30%
2009-2011 Francja Grégory Coupet
22%
2011-2016 Francja Nicolas Douchez
19%
2020-2024 Francja Alexandre Letellier
7%
2008-2011 Armenia Apoula Edel
7%
2000-2006 Francja Lionel Létizi
7%
1998-2001 Francja Dominique Casagrande
4%
2001-2008 Francja Jérôme Alonzo
4%
2012-2013 Francja Ronan Le Crom
4%
Nie znaleziono quizów pasujących do podanych kryteriów
Rozkład punktacji
Procent ludzi z każdym wynikiem
Percentyl według liczby udzielonych odpowiedzi
Twoja historia wyników
Nie rozwiązałeś tego quizu od ostatniego zresetowania